UBT Library

Information pathways : (Record no. 45157)

000 -LEADER
fixed length control field 00925cam a2200253 a 4500
001 - CONTROL NUMBER
control field 15985685
005 - DATE AND TIME OF LATEST TRANSACTION
control field 20180315090701.0
008 - FIXED-LENGTH DATA ELEMENTS--GENERAL INFORMATION
fixed length control field 091116s2010 mdua bf 001 0 eng
010 ## - LIBRARY OF CONGRESS CONTROL NUMBER
LC control number 2009047922
020 ## - INTERNATIONAL STANDARD BOOK NUMBER
International Standard Book Number 9780810874268 (pbk. : alk. paper)
020 ## - INTERNATIONAL STANDARD BOOK NUMBER
International Standard Book Number 0810874261
035 ## - SYSTEM CONTROL NUMBER
System control number (OCoLC)ocn468232748
040 ## - CATALOGING SOURCE
Original cataloging agency DLC
Transcribing agency DLC
Modifying agency YDXCP
-- C#P
-- BWX
-- CDX
-- DLC
041 ## - LANGUAGE CODE
Language code of text/sound track or separate title eng
080 ## - UNIVERSAL DECIMAL CLASSIFICATION NUMBER
Universal Decimal Classification number 028.7 FUL
082 00 - DEWEY DECIMAL CLASSIFICATION NUMBER
Classification number 028.7 FUL
Edition number 22
100 1# - Rafti
Rafti 28
101 ## - Shkurtesa
Shkurtesa SHK
245 10 - TITLE STATEMENT
Title Information pathways :
Statement of responsibility, etc Crystal Fulton.
504 ## - BIBLIOGRAPHY, ETC. NOTE
Bibliography, etc Includes bibliographical references and index.
906 ## - LOCAL DATA ELEMENT F, LDF (RLIN)
a 7
b cbc
c orignew
d 1
e ecip
f 20
g y-gencatlg
942 ## - ADDED ENTRY ELEMENTS (KOHA)
Source of classification or shelving scheme
Item type Books
Holdings
Withdrawn status Lost status Source of classification or shelving scheme Damaged status Not for loan Collection code Permanent location Current location Shelving location Date acquired Total Checkouts Full call number Barcode Date last seen Price effective from Koha item type
          Koleksioni i përgjithshem UBT - Lipjan UBT - Lipjan Koleksioni i përgjithshem 03/15/2018   028.7 FUL 002-3001644 03/15/2018 03/15/2018 Books
UBT Library © 2015-2024. All rights reserved University Education for Business and Technology